000 00702nam a2200229 a 4500
001 BRCA_6761
005 20190320205559.0
008 251011s1946----mx-#######---#000-0#spa-#
041 _aspa
044 _amx
050 4 _aF1231
_b.R63
_c1946
245 1 0 _aDiario de sucesos notables (1665-1703)
_cAntonio Robles; editor y prólogo de Antonio Castro Leal
260 _aMéxico
_bPorrúa
_c1946
300 _a3 v.
_c20 cm.
440 0 _aEscritores mexicanos
_v30-32
_916878
500 _aI127
651 4 _aMéxico
_xHistoria
_yPeriodo colonial, 1540-1810
_94206
651 4 _aMéxico
_xVida social y costumbres
_9769
700 1 _aCastro Leal, Antonio
_eEditor
_916879
902 _aGFM
942 _2lcc
_cB
999 _c6444
_d6444